000 00980nam0a22002771 4500
001 RU\INFOCOMM_322\NLR\5000092710
005 20250613105934.0
035 _a(NLR Aleph) 009540858
090 _a8945379
_c8945379
100 _a20121206d1985 |||y0rusy50 ca
101 1 _aspa
_crus
102 _aRU
105 _ay z |||||
200 1 _aFotones y núcleos
_fA. I. Kitaigorodski
_gTrad. del ruso por K.Steinberg
210 _aM.
_cMir
_dˆCop.‰1985
215 _a256 с.
_cил., портр.
_d17 см
225 1 _aFisica para todos
_f[L. D. Landau, A. I. Kitajgorodskij]
_vLib. 4
300 _aВ вып. дан.: Фотоны и ядра / Александр Исаакович Китайгородский
620 _aМосква
700 1 _9z01790
_aKitajgorodskij
_bA. I.
_gAleksandr Isaakovič
790 1 _9z01700
_aKitaigorodski
_bA. I.
_4070
801 1 _aRU
_bNLR
_c20121206
801 0 _aRU
_bINFOCOMM
_gPSBO
852 _aNLR
_jФз01 Д-1/69
942 _cBOOK
980 _aNB